Logo BPK

Biblioteka

Politechniki Koszalińskiej

Aktualna problematyka ochrony mokradeł / (Rekord nr 40489)

Szczegóły MARC
000 -ETYKIETA REKORDU
podpole kontrolne o stałej długości 01244nam a2200277 i 4500
001 - NUMER KONTROLNY REKORDU
pole kontrolne bg
020 ## - MIĘDZYNARODOWY ZNORMALIZOWANY NUMER KSIĄŻKI - ISBN
ISBN 8385735801
040 ## - ŹRÓDŁO KATALOGOWANIA
Instytucja, która utworzyła rekord BPK
041 0# - KOD JĘZYKA
Kod języka tekstu plenru
Kod języka streszczenia lub abstraktu enpl
080 ## - UNIWERSALNA KLASYFIKACJA DZIESIĘTNA - UKD
UKD 502:504.4.06(438:252.6)"1989/..."(061)
920 ## - Międzynarodowy znormalizowany numer książki – ISBN
ISBN 83-85735-80-1
008 - POLE O STAŁEJ DŁUGOŚCI - DANE KONTROLNE
podpole kontrolne o stałej długości s pl f |000 0 pol
245 00 - TYTUŁ/ODPOWIEDZIALNOŚĆ
Tytuł Aktualna problematyka ochrony mokradeł /
Pozostałe elementy strefy tytułu i oznaczenia odpowiedzialności red. nauk. Wiesław Dembek ; Instytut Melioracji i Użytków Zielonych. Zakład Ochrony Przyrody Obszarów Wiejskich.
260 ## - STREFA ADRESU WYDAWNICZEGO
Miejsce wydania Falenty :
Nazwa wydawcy/dystrybutora Wydaw. IMUZ,
Data publikacji, dystrybucji/powstania dokumentu 1999.
300 ## - STREFA OPISU FIZYCZNEGO
Objętość 232 s., [2] k. tabl. (w tym kolor.) :
Inne cechy fizyczne mapy, rys., wykr. ;
Rozmiary 24 cm.
490 1# - STREFA SERII I DOKUMENTU WIELOCZĘŚCIOWEGO - FORMA NIE DO WYSZUKIWANIA
Tytuł i oznaczenie odpowiedzialności serii Materiały Seminaryjne / Instytut Melioracji i Użytków Zielonych ;
Numeracja w obrębie serii 43
500 ## - UWAGI OGÓLNE
Tekst uwagi Tekst częśc. ang., ros. - Streszcz. ang., pol.
504 ## - UWAGA DOTYCZĄCA BIBLIOGRAFII
Informacje o bibliografii Bibliogr. przy ref.
650 #9 - HASŁO PRZEDMIOTOWE W FORMIE NAZWY OGÓLNEJ LUB JEDNOSTKOWEJ
Nazwa ogólna lub geograficzna Bagna
Określnik ogólny higiena i ochrona
Określnik geograficzny Polska
Określnik chronologiczny od 1989 r.
655 ## - TERMIN INDEKSOWY - OKREŚLENIE RODZAJU/FORMY DOKUMENTU
Określenie rodzaju/formy dokumentu Materiały konferencyjne
700 1# - HASŁO DODATKOWE - NAZWA OSOBOWA
Nazwa osobowa DEMBEK, Wiesław.
Określenie związku między hasłem a opisywanym materiałem Red.
710 #0 - HASŁO DODATKOWE - NAZWA CIAŁA ZBIOROWEGO
Nazwa ciała zbiorowego lub jednostki geograficznej Instytut Melioracji i Użytków Zielonych
Nazwa jednostki podrzędnej Zakład Ochrony Przyrody Obszarów Wiejskich
830 #0 - HASŁO DODATKOWE SERII LUB DOKUMENTU WIELOCZĘŚCIOWEGO - TYTUŁ UJEDNOLICONY
Tytuł ujednolicony Materiały Seminaryjne (Instytut Melioracji i Użytków Zielonych) ;
Oznaczenie tomu 43
856 ## - LOKALIZACJA I DOSTĘP DO ELEKTRONICZNYCH DOKUMENTÓW ZDALNYCH
Link (URL) http://koha.tu.koszalin.pl/cgi-bin/koha/opac-detail.pl?biblionumber=40489
Tekst linku Katalog online BPK
942 ## - DODATKOWE ELEMENTY (KOHA)
Typ dokumentu Książka
Egzemplarze
Wycofany Status egzemplarza Uszkodzony Dostępność Lokalizacja stała Lokalizacja bieżąca Miejsce przechowywania Sygnatura Kod kreskowy Dział Typ dokumentu Ostatnio wypożyczono
      Tylko na miejscu Biblioteka Politechniki Koszalińskiej Biblioteka Politechniki Koszalińskiej Czytelnia BG 61309 01634105 502.2 Środowisko jako całość Książka  
      Dostępny Biblioteka Politechniki Koszalińskiej Biblioteka Politechniki Koszalińskiej Wypożyczalnia BG 61310 01634099   Książka  
      Dostępny Biblioteka Politechniki Koszalińskiej Biblioteka Politechniki Koszalińskiej Wypożyczalnia BG 61311 01634082   Książka 18.05.2013
      Dostępny Biblioteka Politechniki Koszalińskiej Biblioteka Politechniki Koszalińskiej Wypożyczalnia BG 61312 01634075   Książka  
© 2023 Biblioteka Politechniki Koszalińskiej :: KOHA